000 00556nam a2200205Ia 4500
003 OSt
005 20240528150556.0
008 210210b1994 xxu||||| |||| 00| 0 eng d
040 _cAL
041 _aKannada
082 _a613K SVAA
100 _aSVAMI (B S).
_dಸ್ವಾಮಿ (ಬಿ ಎಸ್)
_9168241
245 _aArogya darshana.
_b ಅರೋಗ್ಯ ದರ್ಶನ
260 _aBengaluru
_bNavina Prakashana,
_c1994
300 _aviii,110
650 _aArogya
_9168242
690 _aHealth
_9168243
906 _a052080
942 _2ddc
_cBK
999 _c100769
_d100769